Porsterior distribution for the multiple correlation coefficient with fixed regressors (Registro nro. 26205)

Detalles MARC
000 -LEADER
fixed length control field 00405 a2200121 4500
001 - CONTROL NUMBER
control field ART_12244
005 - DATE AND TIME OF LATEST TRANSACTION
control field 20260410161904.0
008 - FIXED-LENGTH DATA ELEMENTS--GENERAL INFORMATION
fixed length control field 260409a
100 1# - MAIN ENTRY--PERSONAL NAME
Personal name Zellner, Arnold
245 10 - TITLE STATEMENT
Title Porsterior distribution for the multiple correlation coefficient with fixed regressors
700 1# - ADDED ENTRY--PERSONAL NAME
Personal name Press, S. James
773 0# - HOST ITEM ENTRY
Title Journal of econometrics
Related parts - Vol. 8, Nº 3 (dic. 1978)
Record control number REV11720

No hay ítems disponibles.